| 000 | 00370nam a2200145Ia 4500 | ||
|---|---|---|---|
| 008 | 230917s9999||||xx |||||||||||||| ||und|| | ||
| 040 |
_e83120 _aMAIN |
||
| 041 | _aEnglish | ||
| 082 | _a515.3 S19T | ||
| 100 | _aShanti Narayan | ||
| 245 | 0 | _aText book of vector calculus with applications | |
| 260 |
_aNew Delhi _bS Chand _c1995 |
||
| 300 | _aviii, 320 p. | ||
| 942 | _cBK | ||
| 999 |
_c85226 _d85226 |
||